000 00544nam a2200181 4500
999 _c171726
_d171726
005 20200203173417.0
010 _aEN-127461
020 _a9789384067540
_c599.00
035 _aEN-110993
037 _bDBAD/PUB
082 _a658
100 _aPattanaik, Devdutt
245 _aBusiness Sutra :
_cby Devdutt Pattanaik
_ba very Indian approach to Management/
260 _aNew Delhi
_bAleph Book
_c2015
270 _a7/16 Ansari Road,Daryaganj
_bNew Delhi
_e110002
300 _a435p.
_c22cm(pbk)
942 _2ddc
_cEN
_h658
_mPAT